000 00415nam a2200169Ia 4500
008 230524s9999 xx 000 0 und d
020 _a9780070146730
082 _a658.401
_bVOH
100 _aN D Vohra
245 0 _a"Quantitative Techniques in Management,"
250 _a4TH
260 _aNEW DELHI
_bTMH
_c2010
300 _aXVI;1053
500 _aQuantity Number: 10
650 _aManagement
942 _cBK
999 _c48027
_d48027